Filmographie de Robert Pattinson - Statistiques

Statistiques générales
  • Ce quiz a été pris 20 fois
  • Le résultat moyen est 14 sur 42
Statistiques - réponses
Hint Réponse % Correct
Long-métrages 2008 Twilight, chapitre I : Fascination
100%
Long-métrages 2010 Twilight, chapitre III : Hésitation
100%
Long-métrages 2009 Twilight, chapitre II : Tentation
100%
Long-métrages 2011 Twilight, chapitre IV : Révélation, 1re partie
100%
Long-métrages 2012 Twilight, chapitre V : Révélation, 2e partie
100%
Long-métrages 2005 Harry Potter et la Coupe de feu
89%
Long-métrages 2007 Harry Potter et l'Ordre du Phénix
89%
Long-métrages 2022 The Batman
84%
Long-métrages 2027 The Batman Part II
84%
Long-métrages 2010 Remember Me
42%
Producteur 2010 Remember Me
42%
Long-métrages 2020 Tenet
42%
Long-métrages 2026 The Drama
42%
Long-métrages 2025 Mickey 17
32%
Long-métrages 2017 Good Time
26%
Long-métrages 2019 The Lighthouse
26%
Long-métrages 2012 Cosmopolis
21%
Long-métrages 2026 Dune, troisième parti
21%
Long-métrages 2020 Le Diable, tout le temps
21%
Long-métrages 2017 The Lost City of Z
21%
Long-métrages 2025 Die, My Love
16%
Doublage 2023 Le Garçon et le Héron
16%
Long-métrages 2014 Maps to the Stars
16%
Long-métrages 2026 The Odyssey
16%
Long-métrages 2012 Bel Ami
11%
Long-métrages 2011 De l'eau pour les éléphants
11%
Long-métrages 2018 High Life
11%
Interprète 2018 High Life
11%
Long-métrages 2008 How to Be
11%
Long-métrages 2019 Le Roi
11%
Long-métrages 2010 Love and Distrust
11%
Long-métrages 2016 L'Enfance d'un chef
5%
Long-métrages 2015 Life
5%
Long-métrages 2009 Little Ashes
5%
Long-métrages 2018 Pionnière
5%
Long-métrages 2012 Queen of the Desert
5%
Long-métrages 2012 The Rover
5%
Long-métrages 2019 Waiting for the Barbarians
5%
Téléfilms 2004 L'Anneau sacré
0%
Long-métrages Prochainement Primetime
0%
Téléfilms 2007 The Bad Mother's Handbook
0%
Téléfilms 2006 The Haunted Airman
0%
Aucun quiz correspondant
Distribution des résultats
% des personnes avec chaque résultat
Percentile par nombre de réponses
Votre historique - résultats
Vous n’avez pas pris ce quiz